Responses for Show #7763 - Wednesday, May 16, 2018

2018 Teachers Tournament semifinal game 3.

Contestants

[<< previous game]

Katherine Saxby, a high school English and French teacher from Alameda, California

Jake Allen, a K-12 gifted and talented teacher from Eureka Springs, Arkansas

Larry Martin, a second grade teacher from Kansas City, Missouri

[next game >>]

Jeopardy! Round responses

FER SURE, IT'S THE VALLEY, DUDE
FAST FOOD
I HEAR VOICES
ALPHABETIC HOMOPHONES
ETIQUETTE
THOSE DARN ETRUSCANS
    $200 19
Death Valley

Katherine
    $200 10
McDonald's

Larry
    $200 24
(Carrie) Fisher

Jake
    $200 30
eye

Jake
    $200 5
eat

Larry
    $200 6
Romans

Larry
    $400 20
(Jake: What is Hawaii?)

Alaska

Jake
Triple Stumper
    $400 25
KFC

Jake
    $400 18
Lois Lane

Katherine
    $400 28
owe

Jake
    $400 12
due

Larry
    $400 4
gladiators

Jake
    $600 21
Sarajevo

Larry
    $600 26
Jack in the Box

Katherine
    $600 11
Angelina Jolie

Katherine
    $600 9
ewe

Jake
    $600 13
ringbearer

Jake
    $1,000 3
(Jake: What is the Po?)

the Tiber

Jake
    $800 22
Hudson

Larry
    $800 27
Burger King

Larry
    $800 16
Samurai Jack

Triple Stumper
    $800 7
zee

Larry
    $800 14
God bless you

Katherine
    $800 1
(Katherine: What is Ionic?)

Doric

LarryKatherine
    $1000 23
Blue Ridge Mountains

Larry
    $1000 29
Carl's Jr.

Katherine
    $1000 17
Brain

Jake
    $1000 8
the why

Triple Stumper
    $1000 15
ma'am

Larry
    $1000 2
(Jake: What is thunder?)
(Alex: Be more specific.)

thunderbolt

Jake

Scores at the first commercial break (after clue 15):

Larry Jake Katherine
$3,600 $1,600 $600

Scores at the end of the Jeopardy! Round:

Larry Jake Katherine
$6,800 $3,400 $2,800

Double Jeopardy! Round responses

CITY OF THE NOVEL
FLAGS
MOVIE QUOTES
SOCIOLOGY
EUROPEAN PAINTINGS
SORTA BEFORE & AFTER
    $400 3
Washington, D.C.

Larry
    $400 2
a pennant

Katherine
    $400 1
The Avengers

Jake
    $400 30
media

Larry
    $400 18
the Louvre

Larry
    $400 22
Jean Claude Van Damn Yankees

Katherine
    $800 5
New Orleans

Jake
    $800 20
the rainbow flag

Larry
    $800 19
Butch Cassidy and the Sundance Kid

Katherine
    $800 29
rite of passage

Larry
    $800 17
the Medici

Larry
    $800 23
Frankie Valley of the Dolls

Jake
    $1200 4
Chicago

Jake
    $1200 6
hoist

Larry
    $1200 13
The Simpsons

Larry
    $1200 28
(Larry: What are jewels?)
(Alex: Be more specific.)
(Larry: What are diamonds?)
(Katherine: What are lockets?)

necklaces

LarryKatherine
Triple Stumper
    $1200 16
(René) Magritte

Larry
    $1200 24
Smokey "The Bear Necessities"

Katherine
    $2,000 9
(Katherine: What is... Rome?)

Seattle

Katherine
    $3,000 7
olive branches

Larry
    $1600 8
Elf

Katherine
    $1600 21
veterans

Katherine
    $1600 14
Velazquez

Larry
    $1600 25
Frank Lloyd Right Said Fred

Katherine
    $2000 10
San Francisco

Jake
    $2000 11
South Sudan

Jake
    $2000 12
The Fugitive

Larry
    $2000 27
counterculture

Larry
    $2000 15
Cezanne

Katherine
    $2000 26
Vladimir "Puttin' On The Ritz"

Jake

Scores at the end of the Double Jeopardy! Round:

Larry Jake Katherine
$21,400 $12,600 $9,200

[wagering suggestions for these scores]

Final Jeopardy! Round responses

MYTHOLOGY
KatherineWhat is Athena?
$9,000
JakeWhat is Vesuvius?
$9,000
LarryWhat is the Trojan Horse? Yay, Marvels!
$4,000
the Trojan Horse

Final scores:

Larry Jake Katherine
$25,400 $3,600 $200
Finalist 2nd place: $10,000 3rd place: $10,000

Game dynamics:

Coryat scores:

Larry Jake Katherine
$20,000 $13,600 $11,200
24 R
(including 1 DD),
1 W
16 R,
2 W
(including 1 DD)
14 R,
3 W
(including 1 DD)

Combined Coryat: $44,800

[game clues] [game scores] [suggest correction]

Game tape date: 2018-03-21
The J! Archive is created by fans, for fans. Scraping, republication, monetization, and malicious use prohibited; this site may use cookies and collect identifying information. See terms. The Jeopardy! game show and all elements thereof, including but not limited to copyright and trademark thereto, are the property of Jeopardy Productions, Inc. and are protected under law. This website is not affiliated with, sponsored by, or operated by Jeopardy Productions, Inc. Join the discussion at JBoard.tv.